00411nam a2200181Ia 4500008004100000020001800041050001400059100001700073245001900090245002000109260001500129260001600144260000900160300001500169300002700184300001000211500000800221170918s9999 xx 000 0 und d a9780545072335 bW329 2009 aWaters, Kate aOcean giants / cby Kate Waters. aNew York : bScholastic, c2009 a32 pages : bcolored illustration ; c23cm. a620